Missing Word: Current TV Titles Quiz Stats

 Plays Quiz Updated Jun 13, 2017

Challenge
Share
Tweet
Embed
Score 0/20 Timer 02:00
5 Plays Today
Title Missing Word % Correct
Gossip ___Girl
94.2%
One Tree ___Hill
92.1%
Modern ___Family
91.8%
Charlie's ___Angels
89.7%
The ___ WifeGood
85.7%
Parks and ___Recreation
84.3%
In ___ Sight Plain
83.7%
____ MindsCriminal
82%
___ of Anarchy Sons
80.9%
The ___ RaceAmazing
78.2%
Title Missing Word % Correct
___ EndingsHappy
67.4%
The ___ DeadWalking
59.3%
Terra ___Nova
57.2%
True ___Blood
55.1%
Army ___Wives
54.5%
Royal ___Pains
49.1%
___ EmpireBoardwalk
44%
___ SuspectPrime
43.7%
(The) ___ World Real
37.5%
Hart of ___Dixie
30.3%

Today's Daily Dose

You're not logged in!

Compare scores with friends on all Sporcle quizzes.
Join for Free
OR
Log In

You Might Also Like...

Show Comments

Extras

Top Quizzes Today


Score Distribution

Your Account Isn't Verified!

In order to create a playlist on Sporcle, you need to verify the email address you used during registration. Go to your Sporcle Settings to finish the process.

Report this User

Report this user for behavior that violates our Community Guidelines.

Details: